书目信息 |
| 题名: |
ATN网络基础互连技术
|
|
| 作者: | 单银根 编著 | |
| 分册: | ||
| 出版信息: | 北京 人民邮电出版社 1998.11 |
|
| 页数: | 260页 | |
| 开本: | 16开 | |
| 丛书名: | ||
| 单 册: | ||
| 中图分类: | TP393.14 | |
| 科图分类: | ||
| 主题词: | 计算机应用 | |
| 电子资源: | ||
| ISBN: | 7-115-07282-5 | |
| 000 | 00576nam0 2200193 45 | |
| 001 | 0009221052 | |
| 005 | 20000922101908.4 | |
| 010 | @a7-115-07282-5@d22.00元 | |
| 100 | @a20000922d1998 km y0chiy0120 ea | |
| 101 | 0 | @achi |
| 105 | @a z 000yy | |
| 200 | 1 | @aATN网络基础互连技术@AATN Wang Luo Ji Chu Hu Lian Ji Shu@f单银根等编著@FDan Yin Gen Deng Bian Zhu |
| 210 | @a北京@c人民邮电出版社@d1998.11 | |
| 215 | @a260页@d16开 | |
| 606 | 0 | @a计算机应用 |
| 690 | @aTP393.14@v3 | |
| 701 | 0 | @a单银根@4编著 |
| 801 | @aCN@bPftUser@c20000922 | |
| 905 | @b150863-865@dTP393.14@eSH267@f3 | |
| ATN网络基础互连技术/单银根等编著.-北京:人民邮电出版社,1998.11 |
| 260页;16开 |
| ISBN 7-115-07282-5:22.00元 |
| ● |
| 相关链接 |
|
|
|
正题名:ATN网络基础互连技术
索取号:TP393.14/SH267
 
预约/预借
| 序号 | 登录号 | 条形码 | 馆藏地/架位号 | 状态 | 备注 |
| 1 | 150863 | 201508635 | 期刊室512/301自科库 133排1列1层/ [索取号:TP393.14/SH267] | 在馆 | |
| 2 | 150864 | 201508644 | 期刊室512/301自科库 133排1列1层/ [索取号:TP393.14/SH267] | 在馆 | |
| 3 | 150865 | 201508653 | 期刊室512/301自科库 133排1列1层/ [索取号:TP393.14/SH267] | 在馆 |